|
|
|
|
| LEADER |
00000naa a2200000uu 4500 |
| 001 |
vtls011062035 |
| 003 |
SK-MaSNL |
| 005 |
20260302112103.0 |
| 008 |
220810|2003 xo |||||||||||||||||cze| |
| 015 |
|
|
|a SNBRA
|
| 035 |
|
|
|a (urnnbn)urn:nbn:sk:snk:ar-a0c3g4
|
| 035 |
|
|
|a (uuid)42478781-a007-4ffd-adf8-733863288c03
|
| 035 |
|
|
|a urn:nbn:sk:snk-aav9yd
|
| 040 |
|
|
|a SNKBUCL
|b slo
|c SNKBUCL
|e AACR2
|
| 041 |
0 |
|
|a cze
|
| 044 |
|
|
|a xo
|c SK
|
| 100 |
1 |
|
|a Pacík, Vladimír
|4 aut
|9 790555
|
| 245 |
1 |
0 |
|a MOŽNOSTI INTEGROVANÉHO PĚSTOVÁNÍ LISTOVÉHO SALÁTU
|c Vladimír Pacík, Ivan Malý
|
| 246 |
3 |
|
|a POSSIBILITY INTEGRATING CULTIVATION CUTTING LETTUCE
|
| 700 |
1 |
|
|a Malý, Ivan
|4 aut
|9 336972
|
| 773 |
0 |
|
|t Udržateľné poľnohospodárstvo a rozvoj vidieka
|d V Nitre : Slovenská poľnohospodárska univerzita, 2003
|g S. 321-323
|z 8080692467
|
| 954 |
|
|
|a odborná, vedecká literatúra cudzojazyčná (svetová)
|2 lita
|
| 958 |
|
|
|a OND
|
| 958 |
|
|
|a article12
|
| 958 |
|
|
|a chapter
|
| 999 |
|
|
|c 1250113
|d 1252043
|